Le Robert et Collins pocket (notice nᵒ 7444)
[ vue normale ]
| 000 -LEADER | |
|---|---|
| fixed length control field | 00459nam a2200157Ia 4500 |
| 008 - FIXED-LENGTH DATA ELEMENTS--GENERAL INFORMATION | |
| fixed length control field | 160105s9999 xx 000 0 und d |
| 020 ## - INTERNATIONAL STANDARD BOOK NUMBER | |
| International Standard Book Number | 92-0-040079-5 |
| 245 ## - TITLE STATEMENT | |
| Title | Le Robert et Collins pocket |
| 260 ## - PUBLICATION, DISTRIBUTION, ETC. | |
| Place of publication, distribution, etc | Paris |
| 260 ## - PUBLICATION, DISTRIBUTION, ETC. | |
| Name of publisher, distributor, etc | Le Robert |
| 260 ## - PUBLICATION, DISTRIBUTION, ETC. | |
| Date of publication, distribution, etc | 1992 |
| 500 ## - GENERAL NOTE | |
| General note | Cote d'origine affectée par la BC : BC_650 98/B devien ZA_03, C versé en Poductions Animale |
| 942 ## - ADDED ENTRY ELEMENTS (KOHA) | |
| Koha item type | Ouvrage |
| 994 ## - | |
| -- | 107511 |
| Withdrawn status | Lost status | Damaged status | Use restrictions | Not for loan | Home library | Current library | Cost, normal purchase price | Shelving control number | Total Checkouts | Total Renewals | Total Holds | Full call number | Barcode | Cost, replacement price | Koha item type |
|---|---|---|---|---|---|---|---|---|---|---|---|---|---|---|---|
| Bibliothèque Centrale | Bibliothèque Centrale | 0.00 | BC_650 98/A | BC_650 98/A | 0.00 | Ouvrage | |||||||||
| Département de Productions Animales | Département de Productions Animales | 0.00 | BC_650 98/C | BC_650 98/C | 0.00 | Ouvrage | |||||||||
| Département de Zoologie Agricole | Département de Zoologie Agricole | 0.00 | ZA_03 | ZA_03 | 0.00 | Ouvrage |